00506nam a2200169 4500010001500000020002600015035001400041037000900055082001300064100002400077245006800101250000600169260003600175270010200211300002000313700000300333 aENG-147585 a9789391399092c200.00 aEN-131117 bDBAD a612.6b1 aKanniyakonil,Scaria aThe Truth nd Beauty of Human Sexuality/cby Scaria Kanniyakonil a1 bAtc publishersaBengaluruc2022 aSt.Mary's Block, Archdiocesan Pastrol Centre,no-5,Nandidurga Road, Benson TownbBengalurue560046 aP.184c21cm(pb)